[Event "Rio Negrinho Froebel Cup"]
[Site "Rio Negrinho"]
[Date "2022.04.09"]
[Round "4"]
[White "De Souza, Lucio Teixeira"]
[Black "Warginowski, Leticia"]
[Result "0-1"]
[WhiteElo "1592"]
[BlackElo "1340"]
[PlyCount "80"]
[EventDate "2022.04.08"]
[EventType "swiss"]
[EventRounds "6"]
[EventCountry "BRA"]
[SourceTitle "EXT 2023"]
[Source "ChessBase"]
[SourceDate "2022.10.05"]
[SourceVersion "1"]
[SourceVersionDate "2022.10.05"]
[SourceQuality "1"]

1. c4 d5 2. cxd5 Nf6 3. Nc3 Nxd5 4. Nf3 Nxc3 5. bxc3 Nc6 6. Ba3 g6 7. g3 Bg7 8. Bg2 0-0 9. 0-0 Re8 10. Rb1 Bf5 11. Rxb7 Na5 12. Rb4 c5 13. Rb5 Bd7 14. Rxc5 e6 15. Nd4 Rb8 16. Nc6 Nxc6 17. Bxc6 Bf8 18. Bxd7 Bxc5 19. Bxe8 Bxa3 20. Ba4 Rb2 21. d3 Qa5 22. Bb3 Qxc3 23. Qc1 Rxb3 24. Qe3 Rb2 25. Qxa7 Rxe2 26. Qb8+ Kg7 27. Qf4 Rxa2 28. d4 f6 29. h4 Rd2 30. Qe4 Qxd4 31. Qxe6 Bc5 32. Qe1 f5 33. Kg2 f4 34. Kh3 fxg3 35. fxg3 Qd7+ 36. g4 Rd3+ 37. Kh2 Qd6+ 38. Kg2 Qd5+ 39. Kh2 Rd2+ 40. Kg3 Bd6+ 0-1

[Event "Santa Catarina State-ch (Women) 35th"]
[Site "Rio Negrinho"]
[Date "2021.10.22"]
[Round "3"]
[White "Warginowski, Leticia"]
[Black "Fuchter, Julia"]
[Result "0-1"]
[WhiteElo "1383"]
[BlackElo "1425"]
[PlyCount "112"]
[EventDate "2021.10.21"]
[EventType "swiss"]
[EventRounds "7"]
[EventCountry "BRA"]
[SourceTitle "EXT 2023"]
[Source "ChessBase"]
[SourceDate "2022.10.05"]
[SourceVersion "1"]
[SourceVersionDate "2022.10.05"]
[SourceQuality "1"]

1. d4 Nf6 2. c4 d5 3. Nc3 e6 4. e3 c5 5. g3 Be7 6. Bg2 0-0 7. Nge2 cxd4 8. exd4 dxc4 9. 0-0 Nbd7 10. Bf4 Nb6 11. b3 cxb3 12. Qxb3 Nbd5 13. Be5 Qd7 14. Rac1 Nxc3 15. Nxc3 Ng4 16. Bf4 Qxd4 17. Nb5 Qb6 18. Bc7 Qa6 19. Rfd1 Nf6 20. Rc4 Bd7 21. Rxd7 Nxd7 22. Ra4 Nc5 23. Rxa6 Nxb3 24. Ra4 Nc5 25. Rd4 a6 26. Nd6 Bxd6 27. Bxd6 Rac8 28. Bxf8 Kxf8 29. Rc4 b6 30. Bf1 Ke7 31. Kg2 Rd8 32. Rc2 a5 33. Kf3 Kf6 34. Ke3 g5 35. Be2 Kg6 36. Rc4 e5 37. h4 h6 38. hxg5 hxg5 39. Rc1 f5 40. Rb1 Rd6 41. Bc4 f4+ 42. gxf4 gxf4+ 43. Ke2 Kf5 44. Rh1 Ne4 45. Bd3 Rxd3 46. Rh5+ Kg4 47. Kxd3 Nxf2+ 48. Ke2 Kxh5 49. Kxf2 Kg4 50. Kg2 e4 51. Kf2 e3+ 52. Kg2 f3+ 53. Kf1 Kg3 54. Ke1 f2+ 55. Kf1 Kf3 56. a4 e2# 0-1

[Event "Santa Catarina State-ch (Women) 34th"]
[Site "Rio Negrinho"]
[Date "2021.07.24"]
[Round "5"]
[White "Pederiva, Paola Carolina"]
[Black "Warginowski, Leticia"]
[Result "0-1"]
[WhiteElo "1725"]
[BlackElo "1433"]
[PlyCount "100"]
[EventDate "2021.07.22"]
[EventType "swiss"]
[EventRounds "7"]
[EventCountry "BRA"]
[SourceTitle "EXT 2022"]
[Source "ChessBase"]
[SourceDate "2021.10.06"]
[SourceVersion "1"]
[SourceVersionDate "2021.10.06"]
[SourceQuality "1"]

1. d4 d5 2. c4 e6 3. Nc3 Nf6 4. Bf4 Bd6 5. Bxd6 Qxd6 6. c5 Qd8 7. b4 a5 8. b5 Ne4 9. Qd3 Nxc3 10. Qxc3 a4 11. e3 Nd7 12. f4 Nf6 13. Nf3 0-0 14. Bd3 Ne4 15. Qc2 f5 16. 0-0 Bd7 17. a3 Kh8 18. Rab1 b6 19. c6 Be8 20. Rb4 Qe7 21. Ne5 g5 22. Be2 g4 23. Nd3 Qh4 24. Qc1 Bh5 25. Qe1 g3 26. hxg3 Nxg3 27. Bxh5 Qh1+ 28. Kf2 Nxf1 29. Be2 Ng3 30. Qxh1 Nxh1+ 31. Kg1 Ng3 32. Bd1 Rg8 33. Nb2 Ne4 34. Bh5 Rg7 35. Rxa4 Rag8 36. Bf3 Nd2 37. Bh5 Rxg2+ 38. Kh1 Ne4 39. Nd3 Rg1+ 40. Kh2 R8g2+ 41. Kh3 Rg3+ 42. Kh2 R1g2+ 43. Kh1 Rd2 44. Ra8+ Kg7 45. Rd8 Rxd3 46. Rd7+ Kh6 47. Be2 Rd2 48. Rxc7 Rxe2 49. Re7 Rf3 50. Rxe6+ Kh5 0-1

[Event "Santa Catarina State-ch (Women) 34th"]
[Site "Rio Negrinho"]
[Date "2021.07.23"]
[Round "3"]
[White "Warginowski, Leticia"]
[Black "Pereira, Aline Vitoria"]
[Result "0-1"]
[WhiteElo "1433"]
[BlackElo "1282"]
[PlyCount "66"]
[EventDate "2021.07.22"]
[EventType "swiss"]
[EventRounds "7"]
[EventCountry "BRA"]
[SourceTitle "EXT 2022"]
[Source "ChessBase"]
[SourceDate "2021.10.06"]
[SourceVersion "1"]
[SourceVersionDate "2021.10.06"]
[SourceQuality "1"]

1. d4 d5 2. e3 Nf6 3. c4 e6 4. Nc3 c5 5. Nf3 Nc6 6. cxd5 exd5 7. dxc5 Bxc5 8. g3 0-0 9. Bg2 Re8 10. 0-0 Bf5 11. Nd4 Nxd4 12. exd4 Bb6 13. Qb3 Be6 14. Bg5 Bxd4 15. Bxd5 Bxd5 16. Nxd5 Qxd5 17. Qxd5 Nxd5 18. Rfd1 Bxb2 19. Rab1 Nc3 20. Rxb2 Nxd1 21. Rb3 Re2 22. Kf1 Rae8 23. Rf3 Rxa2 24. Bf4 a5 25. Bd6 b5 26. Bc5 Rc2 27. Bd4 b4 28. Rd3 Nc3 29. Be3 b3 30. Rxc3 Rxc3 31. Ke2 Rcxe3+ 32. fxe3 b2 33. Kd2 b1Q 0-1

[Event "Florianopolis op 6th"]
[Site "Florianopolis"]
[Date "2020.01.23"]
[Round "5"]
[White "Soares, Gustavo Henrique"]
[Black "Warginowski, Leticia"]
[Result "1-0"]
[WhiteElo "1914"]
[BlackElo "1383"]
[PlyCount "39"]
[EventDate "2020.01.20"]
[EventType "swiss"]
[EventRounds "10"]
[EventCountry "BRA"]
[SourceTitle "CBM 194 Extra"]
[Source "ChessBase"]
[SourceDate "2020.03.31"]
[SourceVersion "1"]
[SourceVersionDate "2020.03.31"]
[SourceQuality "1"]

1. d4 d5 2. c4 e6 3. Nc3 c5 4. cxd5 exd5 5. Nf3 h6 6. Bf4 Qa5 7. e3 cxd4 8. Qxd4 Nf6 9. Bxb8 Rxb8 10. Qe5+ Be7 11. Qxb8 0-0 12. Be2 Ne4 13. 0-0 Bd6 14. Qa8 Bg4 15. Qxb7 Bxf3 16. Bxf3 Nd2 17. Qxd5 Qxd5 18. Bxd5 Nxf1 19. Kxf1 Rb8 20. Rd1 1-0

[Event "Florianopolis op 6th"]
[Site "Florianopolis"]
[Date "2020.01.23"]
[Round "6"]
[White "Warginowski, Leticia"]
[Black "Buganca, Luiz Henrique Da Si"]
[Result "0-1"]
[WhiteElo "1383"]
[BlackElo "1854"]
[PlyCount "70"]
[EventDate "2020.01.20"]
[EventType "swiss"]
[EventRounds "10"]
[EventCountry "BRA"]
[SourceTitle "CBM 194 Extra"]
[Source "ChessBase"]
[SourceDate "2020.03.31"]
[SourceVersion "1"]
[SourceVersionDate "2020.03.31"]
[SourceQuality "1"]

1. d4 Nf6 2. c4 e6 3. Nc3 Bb4 4. Bd2 0-0 5. e3 c5 6. Nf3 d6 7. g3 Nc6 8. Bg2 e5 9. dxe5 dxe5 10. Qc2 Bxc3 11. Bxc3 Qc7 12. 0-0 Be6 13. b3 h6 14. Qb2 Nd7 15. Rad1 Rad8 16. Nd2 Bg4 17. Rde1 Nb4 18. Bxb4 cxb4 19. Nf3 Rfe8 20. Qc2 Nc5 21. e4 Ne6 22. h3 Bxf3 23. Bxf3 Nd4 24. Qd3 Rd6 25. Bg2 Red8 26. Rd1 Qd7 27. Kh1 b6 28. Qd2 Nf5 29. Qxb4 Rxd1 30. exf5 Qxf5 31. Qe7 Rxf1+ 32. Bxf1 Qf3+ 33. Bg2 Rd1+ 34. Kh2 Qxf2 35. Qxe5 Qg1# 0-1

[Event "Florianopolis op 6th"]
[Site "Florianopolis"]
[Date "2020.01.20"]
[Round "1"]
[White "Melo, Sergio Roberto Samp"]
[Black "Warginowski, Leticia"]
[Result "1/2-1/2"]
[WhiteElo "1724"]
[BlackElo "1383"]
[PlyCount "88"]
[EventDate "2020.01.20"]
[EventType "swiss"]
[EventRounds "10"]
[EventCountry "BRA"]
[SourceTitle "CBM 194 Extra"]
[Source "ChessBase"]
[SourceDate "2020.03.31"]
[SourceVersion "1"]
[SourceVersionDate "2020.03.31"]
[SourceQuality "1"]

1. Nf3 d5 2. c4 e6 3. g3 Nf6 4. Bg2 Be7 5. 0-0 0-0 6. b3 c5 7. cxd5 exd5 8. d4 Ne4 9. Bb2 Bf6 10. Nbd2 Nc6 11. e3 Bg4 12. h3 Nxd2 13. Qxd2 Bxf3 14. Bxf3 cxd4 15. exd4 Qd7 16. Kg2 Rad8 17. Rac1 Qf5 18. Bg4 Qe4+ 19. Bf3 Qg6 20. Be2 Nxd4 21. Bxd4 Qe4+ 22. Bf3 Qxd4 23. Qxd4 Bxd4 24. Rcd1 Bc5 25. Bxd5 b6 26. Bc4 g6 27. f4 Kg7 28. Kf3 Rfe8 29. Rxd8 Rxd8 30. Re1 Rd2 31. Re2 Rxe2 32. Kxe2 f5 33. Kf3 Kf6 34. g4 h6 35. a4 a5 36. Bd3 h5 37. gxf5 gxf5 38. Kg3 Kg6 39. Bb5 Be7 40. Be8+ Kh6 41. Bd7 Kg6 42. Be8+ Kh6 43. Bd7 Kg6 44. Be8+ Kh6 1/2-1/2

[Event "Sao Bento do Sul op 07"]
[Site "Sao Bento do Sul"]
[Date "2019.07.14"]
[Round "7"]
[White "Lino, Tiffany Marcele"]
[Black "Warginowski, Leticia"]
[Result "1/2-1/2"]
[WhiteElo "1440"]
[BlackElo "1341"]
[PlyCount "43"]
[EventDate "2019.07.12"]
[EventType "swiss"]
[EventRounds "7"]
[EventCountry "BRA"]
[SourceTitle "CBM 195 Extra"]
[Source "ChessBase"]
[SourceDate "2020.05.31"]
[SourceVersion "1"]
[SourceVersionDate "2020.05.31"]
[SourceQuality "1"]

1. d4 d5 2. Nf3 e6 3. Bf4 Bd6 4. Bxd6 Qxd6 5. c3 Nf6 6. e3 0-0 7. Be2 Nbd7 8. Nbd2 c5 9. 0-0 b6 10. dxc5 Nxc5 11. Nb3 Nxb3 12. Qxb3 Bb7 13. h3 h6 14. Qc2 Qc7 15. Rac1 Rac8 16. Qd2 Qd7 17. b3 Ne4 18. Qb2 Qe7 19. c4 Qf6 20. Qxf6 Nxf6 21. cxd5 Nxd5 22. Rfd1 1/2-1/2

[Event "Santa Catarina State-ch (Women)"]
[Site "Santa Catarina"]
[Date "2019.06.08"]
[Round "4.8"]
[White "Warginowski, Leticia"]
[Black "Evangelista, Andressa"]
[Result "0-1"]
[WhiteElo "1334"]
[BlackElo "1165"]
[PlyCount "56"]
[EventDate "2019.06.07"]
[EventType "swiss"]
[EventRounds "6"]
[EventCountry "BRA"]
[SourceTitle "EXT 2022"]
[Source "ChessBase"]
[SourceDate "2021.10.06"]
[SourceVersion "1"]
[SourceVersionDate "2021.10.06"]
[SourceQuality "1"]

1. d4 d5 2. e3 Nf6 3. c4 Bf5 4. Nc3 e6 5. g3 c5 6. Bg2 Nc6 7. dxc5 dxc4 8. Qa4 Bxc5 9. Bxc6+ bxc6 10. Qxc4 Qd6 11. Nge2 Bh3 12. Nf4 Bg4 13. 0-0 e5 14. Ne4 Nxe4 15. Qxe4 0-0 16. Ng2 f5 17. Qc4+ Qd5 18. Qxd5+ cxd5 19. f3 Bh5 20. Kf2 d4 21. Ke2 e4 22. Ne1 exf3+ 23. Nxf3 dxe3 24. a3 f4 25. Ke1 fxg3 26. b4 Bb6 27. Nh4 gxh2 28. Rh1 Rf2 0-1

[Event "Sao Bento do Sul op 05"]
[Site "Sao Bento do Sul"]
[Date "2019.05.18"]
[Round "5"]
[White "Ptaszeck, Luciano Augusto"]
[Black "Warginowski, Leticia"]
[Result "0-1"]
[WhiteElo "1184"]
[BlackElo "1282"]
[PlyCount "56"]
[EventDate "2019.05.17"]
[EventType "swiss"]
[EventRounds "7"]
[EventCountry "BRA"]
[SourceTitle "CBM 195 Extra"]
[Source "ChessBase"]
[SourceDate "2020.05.31"]
[SourceVersion "1"]
[SourceVersionDate "2020.05.31"]
[SourceQuality "1"]

1. e4 c5 2. Nf3 Nc6 3. Bb5 d6 4. Bxc6+ bxc6 5. d4 cxd4 6. Nxd4 c5 7. Nf3 Bb7 8. Nc3 e5 9. 0-0 Nf6 10. Nd5 Nxe4 11. Qd3 Bxd5 12. Qxd5 Nf6 13. Qb3 Be7 14. Rd1 Qc7 15. Bg5 0-0 16. Rd2 Ne4 17. Bxe7 Nxd2 18. Nxd2 Qxe7 19. Ne4 Rab8 20. Qd5 Rxb2 21. Nxd6 Rfb8 22. Rf1 Rb1 23. Qxc5 Rxf1+ 24. Kxf1 Rd8 25. Ne4 Qxc5 26. Nxc5 Rc8 27. Nd7 Rxc2 28. Nxe5 Rxa2 0-1

[Event "Sao Bento do Sul op 10"]
[Site "Sao Bento do Sul"]
[Date "2018.10.21"]
[Round "6"]
[White "Warginowski, Leticia"]
[Black "Melo, Sergio Roberto Samp"]
[Result "0-1"]
[WhiteElo "1235"]
[BlackElo "1784"]
[PlyCount "59"]
[EventDate "2018.10.19"]
[EventType "swiss"]
[EventRounds "7"]
[EventCountry "BRA"]
[SourceTitle "EXT 2021"]
[Source "ChessBase"]
[SourceDate "2020.10.23"]
[SourceVersion "1"]
[SourceVersionDate "2020.10.23"]
[SourceQuality "1"]

1. d4 Nf6 2. c4 e5 3. dxe5 Ng4 4. Nf3 Nc6 5. Bf4 Bb4+ 6. Nbd2 Qe7 7. a3 Bc5 8. e3 a5 9. h3 Ngxe5 10. Nxe5 Nxe5 11. Be2 d6 12. 0-0 Bd7 13. Nf3 0-0 14. Qc2 h6 15. Rfd1 Rfd8 16. Rab1 Qf6 17. b4 axb4 18. axb4 Ba4 19. Bxe5 dxe5 20. Rxd8+ Qxd8 21. Qe4 Bc6 22. Qxe5 Bd6 23. Qd4 Ra2 24. Qd3 Qe7 25. Rd1 Be4 26. Qb3 Rxe2 27. Nd4 Qg5 28. g3 Rxf2 29. Kxf2 Qxg3+ 30. Ke2 0-1

[Event "Sao Bento do Sul op 08"]
[Site "Sao Bento do Sul"]
[Date "2018.08.26"]
[Round "6"]
[White "Warginowski, Leticia"]
[Black "Frohlich, Mateus Henrique"]
[Result "1/2-1/2"]
[WhiteElo "1205"]
[BlackElo "1226"]
[PlyCount "55"]
[EventDate "2018.08.24"]
[EventType "swiss"]
[EventRounds "6"]
[EventCountry "BRA"]
[SourceTitle "EXT 2021"]
[Source "ChessBase"]
[SourceDate "2020.10.23"]
[SourceVersion "1"]
[SourceVersionDate "2020.10.23"]
[SourceQuality "1"]

1. d4 d5 2. Bf4 Nf6 3. Nf3 e6 4. h3 c5 5. e3 Be7 6. Be2 0-0 7. 0-0 h6 8. dxc5 Bxc5 9. c4 dxc4 10. Bxc4 Nc6 11. a3 Qe7 12. b4 e5 13. Bh2 Bd6 14. Nc3 Rd8 15. Qc2 Be6 16. Bxe6 Qxe6 17. Ne4 Nxe4 18. Qxe4 f5 19. Qc2 Rac8 20. Qe2 e4 21. Bxd6 Qxd6 22. Nh4 Qf6 23. g3 g5 24. Ng2 Ne5 25. Rac1 Rxc1 26. Rxc1 Nf3+ 27. Kh1 Qd6 28. Ne1 1/2-1/2

[Event "Sao Bento do Sul op 08"]
[Site "Sao Bento do Sul"]
[Date "2018.08.25"]
[Round "3"]
[White "Da Silva Junior, Marco Aurelio"]
[Black "Warginowski, Leticia"]
[Result "1-0"]
[WhiteElo "1591"]
[BlackElo "1205"]
[PlyCount "61"]
[EventDate "2018.08.24"]
[EventType "swiss"]
[EventRounds "6"]
[EventCountry "BRA"]
[SourceTitle "EXT 2021"]
[Source "ChessBase"]
[SourceDate "2020.10.23"]
[SourceVersion "1"]
[SourceVersionDate "2020.10.23"]
[SourceQuality "1"]

1. b4 d5 2. Bb2 e6 3. Nf3 Nf6 4. a3 c5 5. bxc5 Bxc5 6. d4 Bd6 7. e3 0-0 8. Bd3 Nbd7 9. Nbd2 b6 10. c4 dxc4 11. Nxc4 Bc7 12. Qc2 Bb7 13. 0-0 Rc8 14. Qe2 b5 15. Nce5 a6 16. Nxd7 Qxd7 17. e4 Bb6 18. Rfd1 Rfd8 19. Rd2 Qe7 20. e5 Nd5 21. g3 Nc3 22. Bxc3 Rxc3 23. h4 Bxf3 24. Qxf3 Bxd4 25. Rad1 Bxe5 26. Bxh7+ Kxh7 27. Qh5+ Kg8 28. Rxd8+ Qf8 29. Rxf8+ Kxf8 30. Qh8+ Ke7 31. Qd8# 1-0

[Event "Sao Bento do Sul op 08"]
[Site "Sao Bento do Sul"]
[Date "2018.08.25"]
[Round "2"]
[White "Warginowski, Leticia"]
[Black "Niehues, Luiz Cesar"]
[Result "1-0"]
[WhiteElo "1205"]
[BlackElo "1576"]
[PlyCount "85"]
[EventDate "2018.08.24"]
[EventType "swiss"]
[EventRounds "6"]
[EventCountry "BRA"]
[SourceTitle "EXT 2021"]
[Source "ChessBase"]
[SourceDate "2020.10.23"]
[SourceVersion "1"]
[SourceVersionDate "2020.10.23"]
[SourceQuality "1"]

1. d4 d5 2. Bf4 Nf6 3. Nf3 h6 4. h3 e6 5. e3 Nc6 6. Be2 Bd6 7. Ne5 Bxe5 8. dxe5 Nd7 9. Bb5 a6 10. Bxc6 bxc6 11. Nd2 c5 12. c4 c6 13. 0-0 a5 14. Qa4 Bb7 15. Rac1 0-0 16. Nb3 Nb6 17. Qa3 Nxc4 18. Qxc5 Nxb2 19. Qd4 Nc4 20. Nc5 Ba6 21. Nxa6 Rxa6 22. Rfd1 Ra8 23. Qc5 Qc7 24. e4 Rfc8 25. exd5 cxd5 26. Qb5 Rab8 27. Qa4 Rb4 28. Qc2 Qb7 29. Qe2 Rb8 30. Qg4 Kh7 31. Rd3 Nxe5 32. Qe2 Nxd3 33. Qxd3+ Kg8 34. Qg3 Rb1 35. Bxh6 Rxc1+ 36. Kh2 f6 37. Bxc1 Rc8 38. Be3 Qc7 39. f4 e5 40. Qg4 d4 41. Bd2 e4 42. Qe6+ Kh7 43. Qxe4+ 1-0

[Event "Sao Bento do Sul op 06"]
[Site "Sao Bento do Sul"]
[Date "2018.06.17"]
[Round "6"]
[White "Warginowski, Leticia"]
[Black "Liebl, Livia"]
[Result "1/2-1/2"]
[WhiteElo "1197"]
[BlackElo "1509"]
[PlyCount "40"]
[EventDate "2018.06.15"]
[EventType "swiss"]
[EventRounds "6"]
[EventCountry "BRA"]
[SourceTitle "EXT 2021"]
[Source "ChessBase"]
[SourceDate "2020.10.23"]
[SourceVersion "1"]
[SourceVersionDate "2020.10.23"]
[SourceQuality "1"]

1. d4 d5 2. Bf4 e6 3. Nf3 f5 4. e3 Nf6 5. h3 Bd6 6. Bxd6 Qxd6 7. c3 Nbd7 8. Be2 0-0 9. 0-0 c6 10. Nbd2 Ne4 11. c4 a6 12. Qc2 Kh8 13. b3 Qb4 14. Rfc1 Qe7 15. Rd1 Qf6 16. a4 g5 17. Nh2 Rg8 18. Nxe4 fxe4 19. b4 Rb8 20. c5 Rf8 1/2-1/2

[Event "Sao Bento do Sul op 06"]
[Site "Sao Bento do Sul"]
[Date "2018.06.15"]
[Round "1"]
[White "Volkmann, Andre Jordi"]
[Black "Warginowski, Leticia"]
[Result "1-0"]
[WhiteElo "1933"]
[BlackElo "1197"]
[PlyCount "81"]
[EventDate "2018.06.15"]
[EventType "swiss"]
[EventRounds "6"]
[EventCountry "BRA"]
[SourceTitle "EXT 2021"]
[Source "ChessBase"]
[SourceDate "2020.10.23"]
[SourceVersion "1"]
[SourceVersionDate "2020.10.23"]
[SourceQuality "1"]

1. d4 d5 2. c4 e6 3. Nc3 Nf6 4. Bf4 c6 5. e3 Be7 6. Nf3 0-0 7. cxd5 exd5 8. Bd3 Bg4 9. Qc2 Bxf3 10. gxf3 Nbd7 11. 0-0-0 Rc8 12. Rdg1 g6 13. h4 Nh5 14. Bh6 Re8 15. f4 Bf8 16. Bxf8 Nxf8 17. f5 Qf6 18. Rg5 Kh8 19. Rhg1 Rcd8 20. fxg6 hxg6 21. Qe2 Nf4 22. Qd2 Nxd3+ 23. Qxd3 Qxf2 24. Nd1 Qxh4 25. Qf1 Kg7 26. R1g4 Qh2 27. Rf4 Rd7 28. Rg2 Qh8 29. Rf6 Nh7 30. Rf3 Qf8 31. Nf2 Qe7 32. Ng4 Ng5 33. Rf4 Ne4 34. Ne5 Rf8 35. Nxg6 fxg6 36. Rxf8 Nd6 37. Rf3 Nc4 38. Rxg6+ Kxg6 39. Rg3+ Kh5 40. Qf5+ Kh6 41. Qg6# 1-0

[Event "Sao Bento do Sul U2050 Etapa 3a"]
[Site "Sao Bento do Sul"]
[Date "2017.11.18"]
[Round "4.10"]
[White "Warginowski, Leticia"]
[Black "Schutzler, Yan Sidnei"]
[Result "0-1"]
[WhiteElo "1159"]
[BlackElo "1303"]
[PlyCount "88"]
[EventDate "2017.11.17"]
[EventType "swiss"]
[EventRounds "6"]
[EventCountry "BRA"]
[SourceTitle "EXT 2022"]
[Source "ChessBase"]
[SourceDate "2021.10.06"]
[SourceVersion "1"]
[SourceVersionDate "2021.10.06"]
[SourceQuality "1"]

1. d4 Nf6 2. c4 d6 3. Nc3 e5 4. dxe5 dxe5 5. Qxd8+ Kxd8 6. e4 Bb4 7. Nge2 c6 8. Bd2 Be6 9. b3 Kc7 10. g3 Rd8 11. Bg2 Bc5 12. Bg5 Nbd7 13. a3 a5 14. 0-0 h6 15. Bxf6 Nxf6 16. h3 Rd2 17. a4 Rad8 18. Rfd1 Bb4 19. Rxd2 Rxd2 20. Ra2 Bxc3 21. Nxc3 Rxa2 22. Nxa2 Nd7 23. Kf1 Nc5 24. Nc1 Nxb3 25. Nxb3 Bxc4+ 26. Ke1 Bxb3 27. Kd2 Bxa4 28. f4 f6 29. Kc3 Kd6 30. Bf1 Bb5 31. Bg2 Kc5 32. Bf3 Bf1 33. h4 b5 34. Bd1 a4 35. Bc2 b4+ 36. Kb2 a3+ 37. Ka1 Kd4 38. Ka2 Bd3 39. Bxd3 Kxd3 40. Kb3 c5 41. fxe5 fxe5 42. Ka2 Kc2 43. g4 b3+ 44. Kxa3 b2 0-1